000
00291nam a2200109Ia 4500
008
200302s9999 xx 000 0 und d
100
_a
S. K. Ramachandra Rao
245
_a
Art & Architecture of India Temples Vol 3
260
_b
Kalpatharu Research Academy
260
_c
1995
300
_a
324 P.,
999
_c
2298
_d
2298